00346nam a2200145Ia 4500003000900000008004100009040001300050040001300063245007700076245001100153250001000164260001200174300000800186490000600194IT-RoPAU120407s9999 xx 000 0 und d aIT-RoPAU cIT-RoPAU aAtti del II° congresso catechistico internazionale, Roma settembre 1971 cAA.VV. aRoma  aStudium c cm v1